| 000 | 00836cam a2200289 4500 | ||
|---|---|---|---|
| 001 | 21536 | ||
| 003 | BD-RjUL | ||
| 005 | 20211209000710.0 | ||
| 008 | 140304s1971 ohu b 001 0 eng d | ||
| 020 | _a821400894 | ||
| 035 | _a(BD-RjUL)21600 | ||
| 040 |
_aDLC _cDLC _dBD-RjUL _beng |
||
| 041 | _aeng | ||
| 082 | 0 | 0 |
_a823.8 _bAPM 1971 |
| 100 | 1 |
_aApRoberts, Ruth. _966514 |
|
| 245 | 1 | 4 | _aThe moral Trollope / |
| 260 |
_aAthens : _bOhio University Press, _cc1971. |
||
| 300 |
_a203 p. ; _c23 cm. |
||
| 350 | _a$8.50 | ||
| 504 | _aIncludes bibliographical references and index. | ||
| 600 | 1 | 0 |
_aTrollope, Anthony, _d1815-1882 _xEthics. _966518 |
| 650 | 0 |
_aDidactic fiction, English _xHistory and criticism. _955395 |
|
| 650 | 0 |
_aEthics in literature. _955456 |
|
| 942 |
_2ddc _cBK |
||
| 999 |
_c21536 _d21536 |
||